| 000 | 00785nam a2200193Ia 4500 | ||
|---|---|---|---|
| 008 | 151121s9999||||xx |||||||||||||| ||und|| | ||
| 082 | _a500/लल्ला | ||
| 082 | _bHNW-18709 | ||
| 100 | _aलल्ला योगेन्द्रकुमार | ||
| 245 | _aमक्खी और मच्छर की कहानी | ||
| 260 | _b"आत्माराम एण्ड सन्स, दिल्ली।" | ||
| 260 | _c-- | ||
| 300 | _a100 | ||
| 600 | _aलल्ला योगेन्द्रकुमार | ||
| 630 | _aमक्खी और मच्छर की कहानी | ||
| 700 | _aलल्ला योगेन्द्रकुमार | ||
| 730 | _aमक्खी और मच्छर की कहानी | ||
| 942 | _cBOOK | ||
| 999 |
_c1220537 _d1220534 |
||